000 00795nam a22002057a 4500
999 _c12494
_d12494
003 AR-CdUCM
008 190409b ||||| |||| 00| 0 spa d
020 _a976-612-308-180-5
040 _aMUNICIPALIDAD PROVINCIAL DEL CUSCO
_cBIBLIOTECA MUNICIPAL DEL CUSCO
082 _aES / 803 /
_bL55
110 _aEditorial septiembre sac.
_930358
245 _aLeyendas tenebrosas del Perú :
_bHistorias de los seres mas espeluznantes de la tradición oral peruana /
260 _aLima :
_bEditorial septiembre,
_c2016.
300 _a190 páginas
_c21 cm.
505 _aContenido :El tunche -- El pishtaco -- El jarjacha -- El chullachaqui -- Las brujas de cachique ...
650 _aHistorietas
_910786
650 _aCuentos tradicionales
_925573
942 _2ddc
_cLIBROS
945 _arum
_d2019-04-09